Digital system design automation : (Record no. 176748)
[ view plain ]
| 000 -LEADER | |
|---|---|
| fixed length control field | 01075 a2200229 4500 |
| 003 - CONTROL NUMBER IDENTIFIER | |
| control field | Nust |
| 005 - DATE AND TIME OF LATEST TRANSACTION | |
| control field | 20220725094754.0 |
| 010 ## - LIBRARY OF CONGRESS CONTROL NUMBER | |
| LC control number | 75011751 |
| 020 ## - INTERNATIONAL STANDARD BOOK NUMBER | |
| International Standard Book Number | 0914894544 : |
| 040 ## - CATALOGING SOURCE | |
| Transcribing agency | Nust |
| 082 00 - DEWEY DECIMAL CLASSIFICATION NUMBER | |
| Classification number | 004.16,DIG |
| 245 00 - TITLE STATEMENT | |
| Title | Digital system design automation : |
| Remainder of title | languages, simulation & data base / |
| Statement of responsibility, etc. | edited by Melvin A. Breuer ; contributing authors, M. H. MacDougall ... [et al.]. |
| 260 ## - PUBLICATION, DISTRIBUTION, ETC. | |
| Place of publication, distribution, etc. | Woodland Hills, Calif. : |
| Name of publisher, distributor, etc. | Computer Science Press, |
| Date of publication, distribution, etc. | [1975] |
| 300 ## - PHYSICAL DESCRIPTION | |
| Extent | xiii, 417 p. : |
| Other physical details | ill. ; |
| Dimensions | 24 cm. |
| 440 #0 - SERIES STATEMENT/ADDED ENTRY--TITLE | |
| Title | Digital system design series |
| 9 (RLIN) | 93881 |
| 505 ## - FORMATTED CONTENTS NOTE | |
| Formatted contents note | System Level Simulation (Page-1), Register Transfer Languages And Their Translation (Page-117), Register Transfer Language Simulation (Page-219), Design Automation Aids To Microprogramming (Page-271), Data Structures, Data Base And File Maintenance (Page-323) |
| 650 #0 - SUBJECT ADDED ENTRY--TOPICAL TERM | |
| Topical term or geographic name entry element | Digital electronics |
| General subdivision | Data processing. |
| 9 (RLIN) | 94834 |
| 650 #0 - SUBJECT ADDED ENTRY--TOPICAL TERM | |
| Topical term or geographic name entry element | Electronic circuit design |
| General subdivision | Data processing. |
| 9 (RLIN) | 94835 |
| 700 1# - ADDED ENTRY--PERSONAL NAME | |
| Personal name | Breuer, Melvin A. |
| 9 (RLIN) | 94836 |
| 700 1# - ADDED ENTRY--PERSONAL NAME | |
| Personal name | MacDougall, M. H. |
| 9 (RLIN) | 94837 |
| 942 ## - ADDED ENTRY ELEMENTS (KOHA) | |
| Source of classification or shelving scheme | |
| Koha item type | Book |
| Call number prefix | 004.16,DIG |
| Withdrawn status | Lost status | Source of classification or shelving scheme | Damaged status | Not for loan | Permanent Location | Current Location | Shelving location | Date acquired | Full call number | Barcode | Date last seen | Price effective from | Koha item type | Public note |
|---|---|---|---|---|---|---|---|---|---|---|---|---|---|---|
| Military College of Signals (MCS) | Military College of Signals (MCS) | General Stacks | 12/12/2016 | 004.16,DIG | MCS244 | 12/08/2016 | 12/12/2016 | Book | Almirah No. 2, Shelf No. 1 |
